Bookers sugar

Сохранить в:
Библиографические подробности
Главный автор: Campbell, J. M.
Формат:
Язык:Undetermined
Опубликовано: London McConnell and Co. 1954
Предметы:
Метки: Добавить метку
Нет меток, Требуется 1-ая метка записи!
Thư viện lưu trữ: Trung tâm Học liệu Trường Đại học Cần Thơ
LEADER 00452nam a2200181Ia 4500
001 CTU_77462
008 210402s9999 xx 000 0 und d
082 |a 641.336 
082 |b B724 
100 |a Campbell, J. M. 
245 0 |a Bookers sugar 
245 0 |c J. M. Campbell 
260 |a London 
260 |b McConnell and Co. 
260 |c 1954 
650 |a Sugar 
904 |i Trọng Hải 
980 |a Trung tâm Học liệu Trường Đại học Cần Thơ